000 01631nam a22004097a 4500
003 CHAP
005 20220329143324.0
008 080721s2007 mx a r 00010 spa d
010 _a94957
011 _a95929
035 _a106564
040 _cCHAP
090 _aTesis
100 0 0 _aLópez Vázquez, Blanca Alejandra.
_968424
245 1 0 _aComunidades de aprendizaje para promover el desarrollo rural sustentable en el municipio de Tezoyuca México
_c/por Blanca Alejandra López Vázquez
260 _aChapingo, Méx. :
_bEl autor,
_c2007
300 _aix, 224 h. :
_bilus., gráfs., cuadros
502 _aTesis (Dr.en Ciencias en Educación Agrícola Superior) -- UACH. Departamento de Sociología Rural
530 _aTambién disponible en línea
590 _aALEPH
_b10
_c20130110
_lUCH01
_h1522
590 _aBATCH-UPD
_b10
_c20130110
_lUCH01
_h0558
590 _aBATCH-UPD
_b10
_c20130410
_lUCH01
_h0240
590 _aBATCH-UPD
_b10
_c20130914
_lUCH01
_h1024
590 _aBATCH-UPD
_b10
_c20140324
_lUCH01
_h1506
590 _aBATCH-UPD
_b10
_c20141002
_lUCH01
_h0836
590 _aCONVERSION
_b10
_c20130109
_lUCH01
_h1352
650 1 4 _aAprendizaje.
_96370
650 1 4 _aComunidades rurales.
_926254
650 1 4 _aDesarrollo rural.
_932067
650 1 4 _aDesarrollo sustentable
_zMéxico (Edo.).
_932104
650 1 4 _aEducación ambiental.
_935556
856 _3Finding aid
_uhttp://10.13.5.2/tesis/106564.pdf
_zTeclea aqui
901 _aBK
942 _cFOLL
949 _aTesis
_bBC
_cTES
_d33724002061363
_eTS1
_gDonaciØn
_h47771
_i106564
_sb
949 _aTesis
_bBC
_cTES
_d33724002061405
_eTS2
_fc.2
_gDonaciØn
_h47772
_i106564
_sb
999 _c94957
_d94957